Azərbaycanın ən böyük şəhərləri - Statistics

General Stats
  • This quiz has been taken 115 times
  • The average score is 33 of 79
Answer Stats
Əhali Şəhər % Correct
2,336,600 Bakı
100%
330,300 Gəncə
78%
24,700 Quba
76%
426,000 Sumqayıt
76%
51,600 Lənkəran
70%
19,100 Şuşa
70%
36,900 Ağdam
65%
21,300 Qusar
65%
65,300 Şəki
65%
8,600 Lerik
59%
12,300 Kəlbəcər
57%
96,400 Naxçıvan
57%
42,900 Xaçmaz
57%
8,500 Xocalı
57%
24,600 Füzuli
54%
26,100 Masallı
54%
39,600 Şamaxı
54%
9,400 Cəbrayıl
51%
102,400 Mingəçevir
51%
22,100 Ağsu
49%
17,800 Astara
49%
15,200 Qəbələ
49%
9,700 Qobustan
49%
40,800 Şəmkir
49%
22,100 Zaqatala
49%
14,800 Balakən
46%
34,300 Göyçay
46%
27,200 İsmayıllı
46%
39,200 Salyan
46%
20,700 Tovuz
46%
33,500 İmişli
43%
18,600 Kürdəmir
43%
13,800 Laçın
43%
14,600 Qax
43%
20,100 Saatlı
43%
30,800 Sabirabad
43%
1,600 Xızı
43%
9,700 Zəngilan
43%
30,300 Ağdaş
41%
12,300 Ağstafa
41%
42,600 Cəlilabad
41%
19,800 Göygöl
41%
10,700 Ordubad
41%
20,800 Qazax
41%
80,600 Şirvan
41%
7,300 Qubadlı
38%
4,400 Xankəndi
38%
3,600 Xocavənd
38%
64,600 Yevlax
38%
40,800 Ağcabədi
35%
18,000 Beyləqan
35%
13,600 Culfa
35%
11,260 Daşkəsən
35%
26,900 Hacıqabul
35%
41,100 Bərdə
32%
23,600 Biləsuvar
32%
9,000 Goranboy
32%
7,900 Oğuz
32%
24,500 Şabran
32%
25,400 Siyəzən
32%
20,400 Tərtər
30%
7,200 Yardımlı
30%
5,900 Babək
27%
14,600 Gədəbəy
27%
7,300 Naftalan
27%
22,100 Neftçala
27%
7,400 Şərur
27%
17,100 Ucar
27%
195,200 Xırdalan
27%
11,100 Zərdab
27%
100 Ağdərə
24%
10,800 Samux
22%
16,100 Xudat
22%
4,600 Şahbuz
16%
5,300 Dəliməmmədli
14%
7,700 Horadiz
11%
15,400 Qovlar
8%
11,100 Liman
5%
15,100 Göytəpə
3%
No matching quizzes found
Score Distribution
Percent of People with Each Score
Percentile by Number Answered
Your Score History
You have not taken this quiz